00000000cam 2200000zi 4500
0019.958247
003CaOODSP
00520251215131309
006m     o  d f      
007cr cn|||||||||
008251212e202512##oncab   ob   f000 0 fre d
040 |aCaOODSP|bfre|erda|cCaOODSP
043 |an-cn---
045 |ay2y2
0861 |aYC28-0/451-2F-PDF
1101 |aCanada. |bParlement. |bSénat. |bComité sénatorial permanent des peuples autochtones, |eauteur, |eorganisme de publication.
24510|aVoix de jeunes leaders autochtones 2024 : |brapport provisoire du Comité sénatorial permanent des peuples autochtones / |cl'honorable Michèle Audette, présidente ; l'honorable Margo Greenwood, vice-présidente.
24613|aVoix de jeunes leaders autochtones 2024
264 1|aOttawa (Ontario) Canada : |bSénat, Canada = Senate, Canada, |cdécembre 2025.
300 |a1 ressource en ligne (26 pages) : |billustrations en couleur, carte en couleur.
336 |atexte|btxt|2rdacontent/fre
337 |ainformatique|bc|2rdamedia/fre
338 |aressource en ligne|bcr|2rdacarrier/fre
4901 |aRapport provisoire du Comité sénatorial permanent des peuples autochtones ; |v[2e rapport, 45e législature, 1re session]
500 |aPublié aussi en anglais sous le titre : Voices of Youth Indigenous Leaders 2024: interim report of the Standing Senate Committee on Indigenous Peoples.
500 |aTitre de la couverture.
504 |aComprend des références bibliographiques.
520 |a« Depuis 2016, le Comité sénatorial permanent des peuples autochtones (le comité) organise un évènement annuel pour les jeunes Autochtones. Dans le cadre de cette initiative, appelée d'abord Vision autochtone au Sénat, puis depuis 2022, Voix de jeunes leaders autochtones, de jeunes leaders autochtones posent leur candidature afin de se rendre à Ottawa et de comparaître devant le comité. L'année dernière, l'événement a eu lieu au Sénat du Canada le 30 octobre 2024. … Le rapport qui suit rend compte des priorités soulevées par les jeunes leaders autochtones lors de deux réunions, toutes deux le 30 octobre 2024. Il est divisé en trois sections. La première porte sur l'identité, les langues et les cultures autochtones; la deuxième, sur l'apprentissage des jeunes enfants, l'éducation et la représentation, et la dernière, sur la terre et la viabilité. … » -- Introduction, page 7.
650 6|aJeunesse autochtone|zCanada|xAttitudes.
650 6|aAutochtones|zCanada|xIdentité ethnique.
650 6|aAutochtones|zCanada|xMœurs et coutumes.
650 6|aAutochtones|zCanada|xLangues.
650 6|aAutochtones|xÉducation|zCanada.
650 6|aAutochtones|xTerres|zCanada.
650 6|aDurabilité de l'environnement|zCanada.
7001 |aAudette, Michèle, |d1971-
7001 |aGreenwood, Margo, |d1953-
77508|tVoices of Youth Indigenous Leaders 2024 : |w(CaOODSP)9.958246
830#0|aRapport du Comité sénatorial permanent des peuples autochtones ;|v2e rapport, 45e législature, 1re session.|w(CaOODSP)9.501664
85640|qPDF|s2.48 Mo|uhttps://publications.gc.ca/collections/collection_2025/sen/yc28-0/YC28-0-451-2-fra.pdf